Readings in community health nursing

Bibliographic Details
Main Author: Spradley, Barbara Walton (Author)
Format: Book
Published: Boston, Mass. : Little, Brown and Co. , 1986
Subjects:

MARC

LEADER 00000cam a2200000 7i4500
001 0000008984
005 20021119093000.0
008 021119n
020 |a 0316805025 
090 0 0 |a RT98   |b .R4 1985 
245 0 0 |a Readings in community health nursing   |c edited by Barbara Walton Spradley 
260 2 |a Boston, Mass. :   |b Little, Brown and Co. ,   |c 1986 
300 |a xviii, 579 p. ; ;   |c 23 cm. 
504 |a Includes index 
650 0 |a Community health nursing 
700 0 |a Spradley, Barbara Walton ,   |e author 
999 |a 1000036710   |b Book   |c OPEN SHELF (30 DAYS)   |e Gong Badak Campus